000 00434nam a2200181Ia 4500
008 170918s9999 xx 000 0 und d
020 _a9789991512327
050 _bW898 2000
100 _aWoodson, Jacqueline
245 _aMiracle's boys /
245 _cby Jacqueline Woodson.
260 _aNew York :
260 _bPuffin Books,
260 _c2000
300 _a131 pages :
300 _billustrations ;
300 _c20cm.
999 _c344263
_d344263